Multifaktorové chápanie energetickej bezpečnosti

Analýza energetickej bezpečnosti z pohľadu rôznych koncepcií a prístupov. Ucelený prehľad o kľúčových hodnotových prvkoch energetickej bezpečnosti na začiatku 21. storočia. Vymedzenie tejto problematiky ako multifaktorovej veličiny.

Na minha lista:
Detalhes bibliográficos
Autor principal: Bocora, Ján
Formato: Capítulo de Livro
Idioma:eslovaco
Assuntos:
Tags: Adicionar Tag
Sem tags, seja o primeiro a adicionar uma tag!

MARC

LEADER 00000nla a2200000 4500
001 0175292
005 20240502073005.4
041 0 |a slo 
044 |a SK 
245 1 0 |a Multifaktorové chápanie energetickej bezpečnosti  |c Ján Bocora 
520 |a Analýza energetickej bezpečnosti z pohľadu rôznych koncepcií a prístupov. Ucelený prehľad o kľúčových hodnotových prvkoch energetickej bezpečnosti na začiatku 21. storočia. Vymedzenie tejto problematiky ako multifaktorovej veličiny. 
610 2 0 |a bezpečnosť energetická 
610 2 0 |a zdroje energetické 
610 2 0 |a stabilita hospodárstva 
610 2 0 |a zdroje energie 
100 1 |a Bocora, Ján